A Song of Ice and Fire Characters by TV Tropes Quiz Stats

 Plays Quiz not verified by Sporcle

Score 0/20 Timer 05:00
0 Plays Today
Tropes Character % Correct
Eyepatch of Power, Manipulative Bastard, PirateEuron Greyjoy
77.4%
Death Faked for You, Hidden Backup Prince, Pretty BoyAegon Targaryen
73.4%
Knight in Shining Armor, Long Dead Badass, Master SwordsmanArthur Dayne
61.9%
Died in Your Arms Tonight, Famous Last Words, Love Ruins the RealmLyanna Stark
55%
Big Eater, Crouching Fat Guy Hidden Badass, Evil Tastes GoodWyman Manderly
48.3%
Because Destiny Says So, Elegant Classical Musician, Emo TeenRhaegar Targaryen
46.2%
Everything's Better with Princesses, Hot-Blooded, Really Gets AroundArianne Martell
45.5%
Florence Nightingale Effect, Modest Royalty, Nice GirlJeyne Westerling
43.6%
The Big Guy. Covered with Scars, The Food Poisoning IncidentStrong Belwas
41.3%
Brown Eyes, Broken Bird, Stockholm SyndromeJeyne Poole
37.2%
Tropes Character % Correct
Dead Man Walking, Fiery Redhead, My Greatest Second ChanceJon Connington
32.1%
Butt Monkey, Cruel and Unusual Death, Did Not Get the GirlQuentyn Martell
30.3%
Bookworm, Genius Cripple, Nice GuyWillas Tyrell
29.1%
Bodyguarding a Badass, Defiant to the End, Lady of WarDacey Mormont
26.3%
Break the Cutie, Happiness in Slavery, Plucky GirlPenny
25.9%
Fish out of Water, The Oath-Breaker, Suicide by CopArys Oakheart
21.7%
Big Little Brother, No Sense of Humor, Right Hand of DoomVictarion Greyjoy
20.3%
The Beastmaster, Boyish Short Hair, Strong Family ResemblanceMya Stone
18%
Everyone Loves Blondes, Girl in the Tower, So Beautiful, It's a CurseVal
17.8%
Alliterative Name, Rugged Scar, Tiny Guy, Huge GirlHyle Hunt
11.1%

You're not logged in!

Compare scores with friends on all Sporcle quizzes.
OR
Log In

Sporcle TV

Today on Sporcle TV


Watch our educational content, quiz creation guides, and fun videos on Sporcle TV.

Show Comments

Extras

Top Quizzes Today


Score Distribution

Your Account Isn't Verified!

In order to create a playlist on Sporcle, you need to verify the email address you used during registration. Go to your Sporcle Settings to finish the process.

Report this User

Report this user for behavior that violates our Community Guidelines.

Details: